Najbardziej znane marki autobusów w Polsce - Statystyki

Ogólne statystyki
  • Ten quiz został rozwiązany 609 razy
    538 od ostatniego zresetowania
  • Średni wynik to 6 z 11
Statystyki odpowiedzi
Podpowiedź Odpowiedź % Poprawnych
produkują też samochody Mercedes
82%
wykupiony przez Hiszpanów Solaris
81%
Niemiecka marka autobusów Man
78%
siedziba:Jelcz Laskowice Jelcz
75%
siedziba:Sanok Autosan
60%
Szwedzka marka autobusów Volvo
60%
Np.Touring Scania
54%
firma Flixbus często je zakupuje Setra
36%
lata produkcji:2001-2016 Solbus
28%
Czeska marka autobusów SOR
27%
Turecka marka autobusów Karsan
8%
Nie znaleziono quizów pasujących do podanych kryteriów
Rozkład punktacji
Procent ludzi z każdym wynikiem
Percentyl według liczby udzielonych odpowiedzi
Twoja historia wyników
Nie rozwiązałeś tego quizu od ostatniego zresetowania